As Neves do Kilimanjaro (Registo nº 198280)

Detalhes MARC
000 -Etiqueta do registo
Valores 00779nam 22002293 4500
010 ## - Número ISBN
ISBN 978-972-38-2770-5
021 ## - Número do Depósito Legal
Código do país Portugal
Número 319 166/10
100 ## - Dados gerais de processamento
Dados gerais 20251007d u||y0pory50 ba
101 ## - Língua de publicação
Língua Português
200 ## - Titulo e menção de responsabilidade
Título próprio As Neves do Kilimanjaro
Informação de outro título E Outras Histórias
Primeira menção de responsabilidade Ernest Hemingway
Outras menções de responsabilidade Tradução de José Correia Ribeiro ; Revisão de Ana Correia
210 ## - Publicação
Local de publicação Carnaxide
Nome do editor Livros do Brasil
Data de publicação 2010
215 ## - Descrição física 
Paginação / Volumes 220, [4] p.
Outras indicações físicas Brochado
Dimensões 21 cm
300 ## - Notas gerais 
Texto da nota Contos
304 ## - Nota relativa ao título
Texto de nota Tít. orig.: The snows of Kilimanjaro<br/>
606 ## - Nome comum usado como assunto
ID Autoridade 8642
Palavra de ordem Literatura Americana
Subdivisão assunto Contos
675 ## - CDU
Notação 821.111(73)-34/HEM/NEV
Edição PT
Língua por
700 ## - Autor principal (pessoa individual)
ID Autoridade 562
Apelido Hemingway
Nome Ernest
Datas 1899-1961
801 ## - Fonte de origem
País PT
Agência BMMN
Regras de catalogação RPC
830 ## - Notas gerais do catalogador
Criado por Carlos Pinto
Data de criação 07-10-2025
Indexado por Carlos Pinto
990 ## - Elementos KOHA
Tipo de documento Livro
Exemplares
Situação do levantamento Biblioteca de origem Código de barras Cota Permissão de empréstimo Tipo de documento Forma de aquisição
  Escola Secundária de Montemor-o-Novo 26523 821.111(73)-34/HEM/NEV   Livro Compra

Powered by Koha